000 00392nam a2200145Ia 4500
005 20250729165757.0
008 250729s2017 xx 000 0 und d
041 _aeng
082 _a371.25 KONP
100 _aDr.N.B.Kongawada
_9232761
245 _aPedagogic Tools ,Techniues and approaches
260 _aGadag
_bVidyanidhi Prakashana
_c2017
300 _a246p
650 _aEducation
_9232762
999 _c239944
_d239944